ロード中...

Music and bharathanatyam/

書誌詳細
第一著者: Bhagyalekshmy, S.
フォーマット: Printed Book
言語:English
出版事項: Delhi: Sundeep Prakashan, 1991.
主題:
LEADER 00577 a2200181 4500
008 150103s9999 000 0 eng
020 |a 8185067635 
082 |a 781.554  
100 |a Bhagyalekshmy, S. 
245 |a Music and bharathanatyam/ 
260 |a Delhi:  |b Sundeep Prakashan,  |c 1991. 
300 |a 127 p. 
650 |a Dance music 
653 |a Bharata natyam 
653 |a Carnatic music 
942 |c BK 
999 |c 304571  |d 304571 
952 |0 0  |1 0  |2 ddc  |4 0  |6 781_554000000000000_BHA_MU  |7 0  |9 349075  |a DRA  |b DRA  |c ST1  |d 2011-07-26  |i 7295  |l 0  |o 781.554 BHA/MU  |p DRA7295  |r 2019-01-03  |w 2019-01-03  |y BK